Vícejazyčný slovník odborné terminologie v gastronomii /
| Main Author: | Jančár, Ondřej |
|---|---|
| Other Authors: | Burda, Alexandr |
| Language: | German French Czech English |
| Published: |
Opava : Slezská univerzita v Opavě, 2014 |
| Edition: | První vydání |
| Subjects: | |
| Physical Description: |
88 stran ; 25 cm |
| Language note: |
Částečně souběžný anglický, německý a francouzský text |
|
| LEADER | 02019nam a2200541 i 4500 | ||
|---|---|---|---|
| 001 | nkc20152704650 | ||
| 003 | CZ PrNK | ||
| 005 | 20150707121932.0 | ||
| 007 | ta | ||
| 008 | 150604s2014 xr e e 001 0 cze | ||
| 015 | |a cnb002704650 | ||
| 020 | |a 978-80-7510-117-4 |q (brožováno) | ||
| 035 | |a (OCoLC)913565356 | ||
| 040 | |a BOA001 |b cze |e rda | ||
| 041 | 1 | |a cze |a eng |a fre |a ger |h cze | |
| 072 | 7 | |a 641 |x Kuchařství. Potraviny. Vařená jídla |2 Konspekt |9 19 | |
| 072 | 7 | |a 81 |x Lingvistika. Jazyky |2 Konspekt |9 11 | |
| 080 | |a 641/642 |2 MRF | ||
| 080 | |a 81'373.46 |2 MRF | ||
| 080 | |a 81'374.8-022.218 |2 MRF | ||
| 080 | |a (038)81 |2 MRF | ||
| 080 | |a (038.072) |2 MRF | ||
| 100 | 1 | |a Jančár, Ondřej |7 mzk2015875589 |4 aut | |
| 245 | 1 | 0 | |a Vícejazyčný slovník odborné terminologie v gastronomii / |c Ondřej Jančár, Alexandr Burda |
| 250 | |a První vydání | ||
| 264 | 1 | |a Opava : |b Slezská univerzita v Opavě, |c 2014 | |
| 300 | |a 88 stran ; |c 25 cm | ||
| 336 | |a text |b txt |2 rdacontent | ||
| 337 | |a bez média |b n |2 rdamedia | ||
| 338 | |a svazek |b nc |2 rdacarrier | ||
| 504 | |a Obsahuje bibliografii, bibliografické odkazy a rejstřík | ||
| 546 | |a Částečně souběžný anglický, německý a francouzský text | ||
| 650 | 0 | 7 | |a gastronomie |7 ph120473 |2 czenas |
| 650 | 0 | 7 | |a oborová terminologie |7 ph138998 |2 czenas |
| 650 | 0 | 9 | |a gastronomy |2 eczenas |
| 650 | 0 | 9 | |a terminology (professional) |2 eczenas |
| 655 | 7 | |a vícejazyčné překladové slovníky |7 fd133852 |2 czenas | |
| 655 | 7 | |a terminologické slovníky |7 fd202538 |2 czenas | |
| 655 | 7 | |a výkladové slovníky |7 fd133855 |2 czenas | |
| 655 | 9 | |a polyglot translation dictionaries |2 eczenas | |
| 655 | 9 | |a terminological dictionaries |2 eczenas | |
| 655 | 9 | |a explanatory dictionaries |2 eczenas | |
| 700 | 1 | |a Burda, Alexandr |7 ola2011653077 |4 aut | |
| 910 | 2 | |a BOA001 |b 2-1349.246 | |
| 990 | |a BK | ||
| 995 | |a 01 | ||
| 991 | |b 201507 |c NOV |e n | ||
| 996 | 6 | |b 2610635636 |c 2-1349.246 |l MZK |r Sklad / do 1 hodiny |n 2 |p p.v. |w 001510027 |u 000010 |a 1 |e BOA001 |j MZK50 |s P | |
English
Čeština 